000
00276nam a2200121Ia 4500
005
20251222141823.0
008
251222s9999||||xx |||||||||||||| ||spa||
082
_a
177/C24
100
_a
Camozzi, Rolando
245
0
_a
Aproximaciones al amor
264
_b
SÃgueme
942
_c
LIB
999
_c
6879
_d
6879